| 000 | 00978nam a2200373 a 4500 | ||
|---|---|---|---|
| 003 | AR-BaBNM | ||
| 005 | 20251128205353.0 | ||
| 008 | 082120s2002 ||||||||||||||000 | spa|| | ||
| 020 | _a84-7597-005-2 | ||
| 040 | _cAR-BaBNM | ||
| 245 | 0 | 0 |
_aLas guías del trotamundos _b1984-85 Grecia, Yugoslavia |
| 260 |
_aMadrid _bGrech _c1985 |
||
| 300 |
_a222 p. _bmapas, tablas |
||
| 490 | 0 | _aGuías del trotamundos | |
| 650 | 4 | _aTURISMO | |
| 650 | 4 | _aGUIAS DE VIAJE | |
| 650 | 4 | _aMUSEOS | |
| 650 | 4 | _aMONUMENTOS HISTORICOS | |
| 650 | 4 | _aVISITAS A LOS MUSEOS | |
| 650 | 4 | _aARTE RELIGIOSO | |
| 650 | 4 | _aDISEÑO ARQUITECTONICO | |
| 650 | 4 | _aEDIFICIOS RELIGIOSOS | |
| 650 | 4 | _aPERIODICOS | |
| 650 | 4 | _aPATRIMONIO CULTURAL | |
| 650 | 4 | _aHOTELES | |
| 651 | 4 | _aYUGOSLAVIA | |
| 651 | 4 | _aGrecia | |
| 651 | 4 | _aEuropa | |
| 700 | 1 |
_aJosse, Pierre _ecolaborador |
|
| 800 | 1 |
_aGloaguen, Philippe _edirector |
|
| 800 | 1 | _aDuval, Michel | |
| 942 | _cBK | ||
| 998 | _cmariana | ||
| 999 |
_c11133 _d11133 |
||